| 000 | 01124nam a22002657a 4500 | ||
|---|---|---|---|
| 003 | PE SENCICO BE | ||
| 005 | 20251020182706.0 | ||
| 008 | 240227b |||||||| |||| 00| 0 eng d | ||
| 040 |
_aPE SENCICO BE _cPE SENCICO BE |
||
| 041 | _aspa | ||
| 084 |
_aI _aDIS _a2013 _bG21 |
||
| 100 | 1 |
_91990 _aGallardo Camarena, Mayra Damaris _eautor |
|
| 245 | 1 |
_aDiseño interior en espacio propio (loft) para un joven discapacitado / _cMayra Damaris Gallardo Camarena |
|
| 260 |
_aLima : _c2013 |
||
| 300 |
_a[30] h. : _bil. col., plans. ; _c30 x 40 cm. |
||
| 500 | _aEl texto contiene planos. | ||
| 502 | _aMonografía de Titulación.-- Servicio Nacional de Capacitación para la Industria de la Construcción. Escuela Superior Técnica. Carrera Profesional Técnica en Diseño de Interiores, 2013 | ||
| 650 | 1 | 0 |
_944 _aDiseño de interiores |
| 650 | 2 | 0 |
_91967 _aAcceso para personas con discapacidad |
| 650 | 2 | 0 |
_99 _aEspacios interiores |
| 650 | 2 | 0 |
_977 _aViviendas |
| 710 | 1 |
_aServicio Nacional de Capacitación para la Industria de la Construcción. _bEscuela Superior Técnica _91065 |
|
| 910 |
_bhfp _chfp |
||
| 942 | _cMON | ||
| 999 |
_c4968 _d4968 |
||